000 004830000a22001930004500
001 002935
003 MACL
005 20150825134624.0
008 150825b xxu||||| |||| 00| 0 eng d
040 _aMACL
_cMACL
041 _aEnglish
082 _a723/GHO
100 _aGhosh, Nihar
_97336
245 _aTemple Art of Late Mediaeval Bengal
_cNihar Ghosh
260 _aKolkata
_c2006
_bRama Chattopadhyay,
350 _a1200
650 _aArchitecture
_9259
942 _k723
_cBK
_2ddc
999 _c14842
_d14842